Practical Electricity (Record no. 27838)

MARC details
000 -LEADER
fixed length control field 00405nam a22001817a 4500
003 - CONTROL NUMBER IDENTIFIER
control field OSt
005 - DATE AND TIME OF LATEST TRANSACTION
control field 20220125152039.0
008 - FIXED-LENGTH DATA ELEMENTS--GENERAL INFORMATION
fixed length control field 220125b |||||||| |||| 00| 0 eng d
020 ## - INTERNATIONAL STANDARD BOOK NUMBER
International Standard Book Number 0130420476
040 ## - CATALOGING SOURCE
Transcribing agency HU
082 ## - DEWEY DECIMAL CLASSIFICATION NUMBER
Classification number 621.3
100 ## - MAIN ENTRY--PERSONAL NAME
Personal name Cook P. Nigel
9 (RLIN) 28607
245 ## - TITLE STATEMENT
Title Practical Electricity
250 ## - EDITION STATEMENT
Edition statement 2ed
260 ## - PUBLICATION, DISTRIBUTION, ETC.
Place of publication, distribution, etc. New Jersey
Name of publisher, distributor, etc. New Jersey
300 ## - PHYSICAL DESCRIPTION
Type of unit 414
942 ## - ADDED ENTRY ELEMENTS (KOHA)
Source of classification or shelving scheme Dewey Decimal Classification
Koha item type Books like text book referance book
Suppress in OPAC No
Holdings
Withdrawn status Lost status Source of classification or shelving scheme Damaged status Not for loan Home library Current library Shelving location Date acquired Total Checkouts Full call number Barcode Date last seen Copy number Price effective from Koha item type
    Dewey Decimal Classification     IoT Library IoT Library General Stacks 01/25/2022   621.3/COO/2002 IOTL0006973 01/25/2022 1 01/25/2022 Books like text book referance book
    Dewey Decimal Classification     IoT Library IoT Library General Stacks 01/25/2022   621.3/COO/2002 IOTL0006974 01/25/2022 2 01/25/2022 Books like text book referance book